Food Emulsions : (Record no. 4175)

MARC details
000 -LEADER
fixed length control field 01201naa a22003137u 4500
001 - CONTROL NUMBER
control field 06851
003 - CONTROL NUMBER IDENTIFIER
control field HDC
007 - PHYSICAL DESCRIPTION FIXED FIELD--GENERAL INFORMATION
fixed length control field cr bn ---aaaaa
008 - FIXED-LENGTH DATA ELEMENTS--GENERAL INFORMATION
fixed length control field 210125s2004 nyu eng
040 ## - CATALOGING SOURCE
Original cataloging agency HDC
100 ## - MAIN ENTRY--PERSONAL NAME
Personal name Coupland, John N.,
Relator term author
9 (RLIN) 7286
245 #0 - TITLE STATEMENT
Title Food Emulsions :
Remainder of title Analysis of Droplet Characteristics Using Low-Intensity Ultrasound /
Statement of responsibility, etc. by John N. Coupland and D. Julian McClements ; edited by Stig E. Friberg, Kare Larsson and Johan Sjoblom
250 ## - EDITION STATEMENT
Edition statement Fourth Edition, Revised and Expanded
260 ## - PUBLICATION, DISTRIBUTION, ETC.
Place of publication, distribution, etc. New York :
Name of publisher, distributor, etc. Marcel Dekker,
Date of publication, distribution, etc. 2004
300 ## - PHYSICAL DESCRIPTION
Extent 20 pages
336 ## - CONTENT TYPE
Content type term text
Source rdacontent
337 ## - MEDIA TYPE
Media type term computer
Source rdamedia
338 ## - CARRIER TYPE
Carrier type term online resource
Source rdacarrier
500 ## - GENERAL NOTE
General note Original from book
650 ## - SUBJECT ADDED ENTRY--TOPICAL TERM
Topical term or geographic name entry element Emulsions
9 (RLIN) 6772
650 ## - SUBJECT ADDED ENTRY--TOPICAL TERM
Topical term or geographic name entry element Food industry and trade
9 (RLIN) 140
700 ## - ADDED ENTRY--PERSONAL NAME
Personal name Friberg, Stig,
Dates associated with a name 1930-
Relator term editor
9 (RLIN) 7271
700 ## - ADDED ENTRY--PERSONAL NAME
Personal name Larsson, Kåre,
Dates associated with a name 1937-
Relator term editor
9 (RLIN) 7272
700 ## - ADDED ENTRY--PERSONAL NAME
Personal name Sjöblom, Johan,
Dates associated with a name 1953-
Relator term editor
9 (RLIN) 7273
856 ## - ELECTRONIC LOCATION AND ACCESS
Public note Request full-text at [email protected]
942 ## - ADDED ENTRY ELEMENTS (KOHA)
Source of classification or shelving scheme Library of Congress Classification
942 ## - ADDED ENTRY ELEMENTS (KOHA)
Koha item type Chapter in Books
942 ## - ADDED ENTRY ELEMENTS (KOHA)
Call number prefix EBCH 000355
Holdings
Withdrawn status Lost status Source of classification or shelving scheme Damaged status Not for loan Home library Current library Shelving location Date acquired Total checkouts Full call number Date last seen Price effective from Koha item type
    Library of Congress Classification     Halal Development Corporation Library Halal Development Corporation Library Open Shelves 24/05/2023   EBCH 000355 24/05/2023 24/05/2023 Chapter in Books
Halal Development Corporation Berhad (HDC)
5.02 Level 5, KPMG Tower, First Avenue, Persiaran Bandar Utama, 47800 Petaling Jaya, Selangor Darul Ehsan
Phone: +603 7965 5489 Email: [email protected]